the vampire diaries- multiple choice - Statistics

General Stats
  • This quiz has been taken 1,005 times
  • The average score is 12 of 15
Answer Stats
Question Answer % Correct
Which one of these characters don't have a doppelganger? caroline
92%
What was the name of tyler's uncle? mason
92%
Who has Caroline kissed? matt,tyler,klaus,stefan,damon
92%
What is the herb which harms most vampires? vervain
92%
Who is Bonnies one true love? enzo
90%
what are the names of alaric and jo's twins lizzie and josie
89%
Who is Klaus' one fear mikael
89%
Which is a siren sybil
88%
Who kills Enzo? stefan
84%
What's the name of the city tvd is set in? virginia
84%
Which two heretics were in love? mary-louise and nora
82%
Who did Elena meet first? damon
73%
What was the name of the first history teacher in season 1? Mr. Tanner
66%
Who is the youngest Mikaelson sibling? henrik
54%
Which date kept replaying in prison world? may 8
20%
No matching quizzes found
Score Distribution
Percent of People with Each Score
Percentile by Number Answered
Your Score History
You have not taken this quiz